Sun Belt College Football Teams - Statistics

General Stats
  • This quiz has been taken 175 times
    135 since last reset
  • The average score is 11 of 14
Answer Stats
School Team Name/Colors % Correct
Louisiana Ragin’ Cajuns
92%
James Madison Dukes
90%
Marshall Thundering Herd
90%
Coastal Carolina Chanticleers
87%
Louisiana-Monroe Warhawks
82%
Appalachian State Mountaineers
81%
Arkansas State Red Wolves
79%
Troy Trojans
78%
Old Dominion Monarchs
77%
Southern Miss Golden Eagles
74%
Texas State Bobcats
72%
South Alabama Jaguars
71%
Georgia State Panthers
68%
Georgia Southern Eagles
67%
No matching quizzes found
Score Distribution
Percent of People with Each Score
Percentile by Number Answered
Your Score History
You have not taken this quiz since the last reset